| 000 | 00541nam a22001817a 4500 | ||
|---|---|---|---|
| 005 | 20180423140258.0 | ||
| 010 | _aENG-122460 | ||
| 020 |
_a9788171391486 _c650.00 |
||
| 035 | _aEN-105992 | ||
| 037 | _bDBAD/PUB | ||
| 082 | _a181.4 | ||
| 100 | _aMisra, Hrishikesh | ||
| 245 |
_aGaja bhukta kapitha / _cby Hrishikesh Misra |
||
| 260 |
_aNew Delhi _bJnanada Prakashan (P&D) _c2008 |
||
| 270 |
_a4837/2, 24, Ansari Road, Daryaganj, _bNew Delhi _e110002 |
||
| 300 |
_a256p. _bill. _c21cm(Hb) |
||
| 942 |
_2ddc _cEN _mMIS _h181.4 |
||
| 999 |
_c150695 _d150695 |
||